[Event "45th Olympiad 2024"]
[Site "Budapest HUN"]
[Date "2024.09.14"]
[Round "4.5"]
[Board "3"]
[White "Le, Tuan Minh"]
[Black "Sindarov, Javokhir"]
[Result "1-0"]
[WhiteTitle "GM"]
[BlackTitle "GM"]
[WhiteElo "2564"]
[BlackElo "2677"]
[WhiteTeam "Vietnam"]
[BlackTeam "Uzbekistan"]
[WhiteFideId "12401153"]
[BlackFideId "14205483"]
[EventDate "2024.09.11"]

1. d4 e6 2. Nf3 c5 3. g3 d5 4. Bg2 Nc6 5. O-O Nf6 6. c4 dxc4 7. dxc5 Qxd1 8.
Rxd1 Bxc5 9. Nbd2 c3 10. bxc3 O-O 11. Nb3 Be7 12. c4 Bd7 13. Bb2 Rfd8 14. Nfd4
Rac8 15. Nb5 e5 16. Rac1 Ne8 17. h4 f6 18. Nc3 Bg4 19. Kf1 Rxd1+ 20. Rxd1 Be6
21. Nd5 Bf8 22. Rc1 Kf7 23. f4 b6 24. Ne3 exf4 25. gxf4 Ne7 26. Nd4 Bd7 27. Ba3
Nc7 28. Rd1 Ba4 29. Rd3 g6 30. Bd6 Ne8 31. Bxe7 Bxe7 32. Bd5+ Kg7 33. Nef5+ 1-0

[Event "45th Olympiad 2024"]
[Site "Budapest HUN"]
[Date "2024.09.14"]
[Round "4.5"]
[Board "4"]
[White "Vakhidov, Jakhongir"]
[Black "Tran, Tuan Minh"]
[Result "1/2-1/2"]
[WhiteTitle "GM"]
[BlackTitle "GM"]
[WhiteElo "2571"]
[BlackElo "2434"]
[WhiteTeam "Uzbekistan"]
[BlackTeam "Vietnam"]
[WhiteFideId "14201801"]
[BlackFideId "12401820"]
[EventDate "2024.09.11"]

1. d4 Nf6 2. c4 e6 3. Nf3 d5 4. Nc3 Be7 5. Bf4 O-O 6. e3 a6 7. Rc1 b6 8. Bd3
dxc4 9. Bxc4 Bb7 10. O-O b5 11. Bb3 c5 12. dxc5 Nbd7 13. Bd6 Nxc5 14. Bxc5 Bxc5
15. Qxd8 Rfxd8 16. Nxb5 Bxe3 17. fxe3 axb5 18. Nd4 b4 19. Rc7 Be4 20. h3 h5 21.
Rf2 Rd6 22. Rc4 Rb8 23. Nc2 Rd1+ 24. Kh2 Bd5 25. Rd4 Rxd4 26. Nxd4 Ra8 27. Rc2
Bxb3 28. axb3 Ra1 29. Nf3 Nd5 30. e4 Ne3 31. Rc8+ Kh7 32. Kg3 Rb1 33. Kf2 Nd1+
34. Ke2 Nxb2 35. Rd8 f6 36. Rd4 e5 37. Rxb4 Rd1 38. Rb5 Rd3 39. Rb7 Rd8 40. Rc7
Nd3 41. g3 Nb4 42. Rc4 Na6 43. Rc6 Ra8 44. Kd2 Nb4 45. Rc4 Rd8+ 46. Kc3 Nd3 47.
b4 Nf2 48. b5 Rb8 49. Kb4 Nxh3 50. Ka5 Ra8+ 51. Kb4 Rb8 52. Kc5 g5 53. b6 h4 54.
gxh4 g4 55. Ne1 Nf4 56. Rb4 g3 57. Rb2 Kg6 58. Kd6 Kh5 59. Ke7 g2 60. Nxg2 Nxg2
61. Rxg2 Rxb6 62. Rh2 Rb4 63. Kxf6 1/2-1/2

[Event "45th Olympiad 2024"]
[Site "Budapest HUN"]
[Date "2024.09.14"]
[Round "4.6"]
[Board "1"]
[White "Duda, Jan-Krzysztof"]
[Black "Stremavicius, Titas"]
[Result "1-0"]
[WhiteTitle "GM"]
[BlackTitle "GM"]
[WhiteElo "2732"]
[BlackElo "2527"]
[WhiteTeam "Poland"]
[BlackTeam "Lithuania"]
[WhiteFideId "1170546"]
[BlackFideId "12804444"]
[EventDate "2024.09.11"]

1. e4 c5 2. Nf3 e6 3. d4 cxd4 4. Nxd4 Nf6 5. Nc3 Nc6 6. a3 Be7 7. Be3 d6 8. Qe2
e5 9. Nb3 O-O 10. O-O-O a6 11. h3 b5 12. f4 Be6 13. g4 b4 14. axb4 exf4 15. Bxf4
Nxb4 16. Bg2 Rc8 17. Kb1 Qb6 18. Qe3 Qxe3 19. Bxe3 Nd7 20. Nd4 Ne5 21. Nf5 Rfe8
22. Bf4 Nc4 23. Nxe7+ Rxe7 24. Bxd6 Nxd6 25. Rxd6 h5 26. gxh5 Rc5 27. Bf3 Kh7
28. h4 f6 29. Rhd1 a5 30. Rb6 Bf7 31. Nd5 Re5 32. Rb7 Bxd5 33. exd5 Nxd5 34.
Bxd5 Rexd5 35. Rg1 Kh6 36. Rg2 Rc4 37. Rgxg7 Rxh4 38. Rg6+ Kxh5 39. Rxf6 Kg5 40.
Rf1 Kg6 41. Ka2 Rc5 42. c3 Ra4+ 43. Kb3 Rg4 44. Rb8 Kg7 45. Rb6 Re4 46. Ka3 Rd5
47. Rbf6 1-0

[Event "45th Olympiad 2024"]
[Site "Budapest HUN"]
[Date "2024.09.14"]
[Round "4.6"]
[Board "2"]
[White "Pultinevicius, Paulius"]
[Black "Wojtaszek, Radoslaw"]
[Result "1/2-1/2"]
[WhiteTitle "GM"]
[BlackTitle "GM"]
[WhiteElo "2587"]
[BlackElo "2681"]
[WhiteTeam "Lithuania"]
[BlackTeam "Poland"]
[WhiteFideId "12809390"]
[BlackFideId "1118358"]
[EventDate "2024.09.11"]

1. d4 Nf6 2. c4 e6 3. Nc3 Bb4 4. Qb3 c5 5. dxc5 Nc6 6. Nf3 Ne4 7. Bd2 Nxd2 8.
Nxd2 Bxc5 9. g3 b6 10. Bg2 Bb7 11. O-O Rc8 12. Rac1 O-O 13. Qa4 f5 14. Nb3 a6
15. Nxc5 bxc5 16. Rcd1 Qc7 17. f4 Nd4 18. Bxb7 Qxb7 19. Rd2 e5 20. fxe5 Rce8 21.
Qa5 Qc6 22. Nd5 f4 23. gxf4 Qg6+ 24. Kf2 Rxe5 25. Qxc5 Nc6 26. Qxf8+ Kxf8 27.
fxe5 Qe4 28. b3 Nxe5 29. Kg1+ Ke8 30. Nc7+ Kd8 31. Nd5 Qg4+ 32. Kh1 Qe4+ 33. Kg1
Qg4+ 34. Kh1 Qe4+ 1/2-1/2

[Event "45th Olympiad 2024"]
[Site "Budapest HUN"]
[Date "2024.09.14"]
[Round "4.6"]
[Board "3"]
[White "Piorun, Kacper"]
[Black "Kazakouski, Valery"]
[Result "1/2-1/2"]
[WhiteTitle "GM"]
[BlackTitle "GM"]
[WhiteElo "2599"]
[BlackElo "2577"]
[WhiteTeam "Poland"]
[BlackTeam "Lithuania"]
[WhiteFideId "1130420"]
[BlackFideId "13507443"]
[EventDate "2024.09.11"]

1. d4 d5 2. c4 c6 3. Nf3 Nf6 4. e3 Bg4 5. h3 Bxf3 6. Qxf3 e6 7. Bd3 Bb4+ 8. Nc3
O-O 9. O-O Nbd7 10. Rd1 Nb6 11. cxd5 cxd5 12. Bd2 Rc8 13. Qe2 a6 14. Be1 Qe7 15.
a3 Bd6 16. a4 g6 17. a5 Nbd7 18. Qc2 Nb8 19. Qb3 Nc6 20. Na4 Rc7 21. Nb6 Rd8 22.
Rac1 e5 23. Qa4 Qe6 24. Rc2 Re7 25. Bxa6 Nxd4 26. exd4 bxa6 27. Bb4 Bxb4 28.
Qxb4 e4 29. Rc6 Qxc6 30. Qxe7 Rd6 31. b4 Kg7 32. Kh2 Re6 33. Qc5 Qe8 34. b5 e3
35. fxe3 Qb8+ 36. Kg1 Rxe3 37. Nxd5 Nxd5 38. Qxd5 axb5 39. a6 Ra3 40. Rf1 Rxa6
41. Rxf7+ Kh6 42. Qd7 Qh8 43. Qxb5 Qxd4+ 44. Kh1 1/2-1/2

[Event "45th Olympiad 2024"]
[Site "Budapest HUN"]
[Date "2024.09.14"]
[Round "4.6"]
[Board "4"]
[White "Laurusas, Tomas"]
[Black "Gumularz, Szymon"]
[Result "1/2-1/2"]
[WhiteTitle "GM"]
[BlackTitle "GM"]
[WhiteElo "2569"]
[BlackElo "2571"]
[WhiteTeam "Lithuania"]
[BlackTeam "Poland"]
[WhiteFideId "12803731"]
[BlackFideId "1188062"]
[EventDate "2024.09.11"]

1. d4 Nf6 2. c4 e6 3. Nf3 Bb4+ 4. Nbd2 Be7 5. e3 O-O 6. Be2 d5 7. O-O b6 8. b3
Bb7 9. Bb2 Nbd7 10. Rc1 c5 11. cxd5 Nxd5 12. a3 a5 13. Bb5 Nc7 14. Be2 Nd5 15.
Bb5 Nc7 16. Bc4 Rc8 17. Qe2 cxd4 18. Nxd4 Bc5 19. Rfd1 Qe7 20. Nc2 Rfd8 21. Qg4
Nf6 22. Qh4 h6 23. Be2 Nce8 24. b4 axb4 25. axb4 Nd5 26. Qxe7 Bxe7 27. b5 Nc3
28. Bxc3 Rxc3 29. Nd4 Rxc1 30. Rxc1 Ba3 31. Rc2 Nd6 32. Nc6 Ra8 33. h3 Kf8 34.
Nb3 Ke8 35. Bd3 Nc8 36. f4 Bd6 37. Kf2 Ra3 38. Rb2 Ne7 39. Be4 Ra4 40. Bf3 Nc8
41. Rc2 Bxc6 42. bxc6 Kd8 43. Nd4 Na7 44. Rb2 Kc7 45. Ke2 Bc5 46. Rd2 Bxd4 47.
exd4 Nb5 48. Ke3 Nd6 1/2-1/2

[Event "45th Olympiad 2024"]
[Site "Budapest HUN"]
[Date "2024.09.14"]
[Round "4.7"]
[Board "1"]
[White "Kadric, Denis"]
[Black "Suleymanli, Aydin"]
[Result "0-1"]
[WhiteTitle "GM"]
[BlackTitle "GM"]
[WhiteElo "2553"]
[BlackElo "2632"]
[WhiteTeam "Montenegro"]
[BlackTeam "Azerbaijan"]
[WhiteFideId "14403803"]
[BlackFideId "13413937"]
[EventDate "2024.09.11"]

1. e4 e5 2. Nf3 Nc6 3. Bc4 Nf6 4. d3 Bc5 5. c3 d6 6. a4 a5 7. Bg5 h6 8. Bh4 g5
9. Bg3 O-O 10. Nbd2 Ba7 11. h3 Nh7 12. Nf1 Kg7 13. Ne3 Ne7 14. d4 f5 15. exf5 e4
16. Nd2 Nxf5 17. Nxf5+ Bxf5 18. Nf1 Qe8 19. Ne3 Bd7 20. Qb3 Nf6 21. h4 Rb8 22.
hxg5 hxg5 23. Bb5 Qe6 24. Bc4 Qe8 25. Nd5 Nxd5 26. Bxd5 Rf5 27. Kd2 b5 28. Bxe4
Qxe4 29. Rae1 bxa4 30. Rxe4 Rxb3 31. Re7+ Rf7 32. Rh7+ Kxh7 33. Rxf7+ Kg6 34.
Rxd7 Rxb2+ 35. Kc1 a3 0-1

[Event "45th Olympiad 2024"]
[Site "Budapest HUN"]
[Date "2024.09.14"]
[Round "4.7"]
[Board "2"]
[White "Abasov, Nijat"]
[Black "Petrov, Nikita"]
[Result "1/2-1/2"]
[WhiteTitle "GM"]
[BlackTitle "GM"]
[WhiteElo "2626"]
[BlackElo "2574"]
[WhiteTeam "Azerbaijan"]
[BlackTeam "Montenegro"]
[WhiteFideId "13402960"]
[BlackFideId "4101286"]
[EventDate "2024.09.11"]

1. d4 Nf6 2. Nf3 d5 3. c4 e6 4. g3 Bb4+ 5. Bd2 a5 6. Bg2 O-O 7. Qc2 c5 8. cxd5
cxd4 9. Nxd4 exd5 10. O-O Re8 11. e3 Bd7 12. a3 Bxd2 13. Nxd2 Nc6 14. Nxc6 bxc6
15. Nb3 h5 16. Nc5 h4 17. Nxd7 Qxd7 18. Rfd1 hxg3 19. hxg3 Rab8 20. Rd4 Rb6 21.
b4 axb4 22. axb4 Qd6 23. Rc1 Reb8 24. Qc3 Rxb4 25. Rxb4 Rxb4 26. Qxc6 Qxc6 27.
Rxc6 d4 28. exd4 Rxd4 29. Bf3 Kf8 30. Kg2 Ke7 1/2-1/2

[Event "45th Olympiad 2024"]
[Site "Budapest HUN"]
[Date "2024.09.14"]
[Round "4.7"]
[Board "4"]
[White "Mamedyarov, Shakhriyar"]
[Black "Draskovic, Luka"]
[Result "1-0"]
[WhiteTitle "GM"]
[BlackTitle "GM"]
[WhiteElo "2733"]
[BlackElo "2497"]
[WhiteTeam "Azerbaijan"]
[BlackTeam "Montenegro"]
[WhiteFideId "13401319"]
[BlackFideId "944335"]
[EventDate "2024.09.11"]

1. Nf3 d5 2. g3 Nf6 3. Bg2 e6 4. O-O Bd6 5. c4 O-O 6. d4 h6 7. Qc2 b6 8. Nc3 Bb7
9. cxd5 exd5 10. Nh4 Nc6 11. Nf5 Ne7 12. Nxd6 cxd6 13. b3 Rc8 14. Qd3 Qd7 15. a4
a6 16. Ba3 Rc6 17. Rfc1 Rfc8 18. Nd1 Rxc1 19. Rxc1 Rxc1 20. Bxc1 Qc6 21. Ba3 Bc8
22. Ne3 a5 23. h3 h5 24. Kh2 g6 25. f3 Nf5 26. Nd1 Ng7 27. Nc3 Ne6 28. Qd2 Ba6
29. e4 h4 30. gxh4 Bb7 31. Qe3 Qd7 32. Nb5 Ne8 33. h5 gxh5 34. Qh6 Bc6 35. Nc3
N6g7 36. Qg5 dxe4 37. fxe4 Bb7 38. d5 f6 39. Qe3 Qd8 40. Nb5 Ba6 41. Nd4 Bb7 42.
Qg3 1-0

[Event "45th Olympiad 2024"]
[Site "Budapest HUN"]
[Date "2024.09.14"]
[Round "4.8"]
[Board "1"]
[White "Grandelius, Nils"]
[Black "Shirov, Alexei"]
[Result "1/2-1/2"]
[WhiteTitle "GM"]
[BlackTitle "GM"]
[WhiteElo "2653"]
[BlackElo "2666"]
[WhiteTeam "Sweden"]
[BlackTeam "Spain"]
[WhiteFideId "1710400"]
[BlackFideId "2209390"]
[EventDate "2024.09.11"]

1. e4 e6 2. d4 d5 3. exd5 exd5 4. Nf3 Nf6 5. Bd3 c5 6. c3 c4 7. Bc2 Bd6 8. O-O
O-O 9. h3 Nc6 10. Bg5 h6 11. Bh4 g5 12. Bg3 Bxg3 13. fxg3 Nh5 14. Kh2 Qd6 15.
Ne5 Nxg3 16. Kxg3 f6 17. Na3 fxe5 18. Nb5 Rxf1 19. Qh5 Qf6 20. Rxf1 Qxf1 21.
Qg6+ Kf8 22. Qxh6+ Ke7 23. Qd6+ Kf7 24. Qg6+ Kf8 25. Qh6+ Ke7 26. Qd6+ Kf7 27.
Qg6+ Ke7 28. Qd6+ Kf7 29. Qg6+ Ke7 30. Qd6+ Kf7 1/2-1/2

[Event "45th Olympiad 2024"]
[Site "Budapest HUN"]
[Date "2024.09.14"]
[Round "4.8"]
[Board "2"]
[White "Anton Guijarro, David"]
[Black "Blomqvist, Erik"]
[Result "1-0"]
[WhiteTitle "GM"]
[BlackTitle "GM"]
[WhiteElo "2665"]
[BlackElo "2491"]
[WhiteTeam "Spain"]
[BlackTeam "Sweden"]
[WhiteFideId "2285525"]
[BlackFideId "1709437"]
[EventDate "2024.09.11"]

1. e4 e5 2. Nf3 Nc6 3. Bc4 Nf6 4. d3 Bc5 5. c3 a5 6. Bg5 d6 7. Nbd2 h6 8. Bh4
Ba7 9. a4 g5 10. Bg3 O-O 11. h4 g4 12. Nh2 Kg7 13. Qe2 Ne7 14. h5 Nxh5 15. Nxg4
Nxg3 16. fxg3 Ng8 17. Rh5 Nf6 18. Nxf6 Qxf6 19. O-O-O Qg6 20. Rh4 Qxg3 21. Rdh1
Be3 22. Kb1 Bg5 23. Nf1 Qxh4 24. Rxh4 Bxh4 25. Qh5 Bg5 26. Nh2 Be6 27. Nf3 Bxc4
28. dxc4 Kf6 29. c5 Ke7 30. Qh1 dxc5 31. Nxe5 Ra6 32. Qg1 Rd6 33. Qxc5 Ke6 34.
Nc4 Rd1+ 35. Kc2 Rc1+ 36. Kb3 Rg8 37. Qxc7 Be7 38. Qf4 1-0

[Event "45th Olympiad 2024"]
[Site "Budapest HUN"]
[Date "2024.09.14"]
[Round "4.8"]
[Board "3"]
[White "Hillarp Persson, Tiger"]
[Black "Pichot, Alan"]
[Result "0-1"]
[WhiteTitle "GM"]
[BlackTitle "GM"]
[WhiteElo "2457"]
[BlackElo "2628"]
[WhiteTeam "Sweden"]
[BlackTeam "Spain"]
[WhiteFideId "1700812"]
[BlackFideId "110973"]
[EventDate "2024.09.11"]

1. Nf3 Nf6 2. g3 b5 3. Bg2 Bb7 4. O-O e6 5. d3 c5 6. e4 d6 7. a4 b4 8. a5 Be7 9.
Nbd2 O-O 10. Re1 Nbd7 11. Nc4 a6 12. c3 d5 13. exd5 Nxd5 14. Bd2 Qc7 15. Rc1
bxc3 16. bxc3 Rad8 17. h4 h6 18. Rb1 Ba8 19. Nh2 N7f6 20. Qe2 Rfe8 21. Nf3 Nd7
22. d4 Bf8 23. Nfe5 cxd4 24. cxd4 Nxe5 25. dxe5 Bc6 26. Rec1 Bb5 27. Qe4 f5 28.
exf6 Nxf6 29. Bf4 Qc5 30. Qe3 Qf5 31. Qe5 Nd5 32. Bd2 Qd3 33. Be4 Bxc4 34. Bxd3
Bxd3 35. Rb7 Nf6 36. Bxh6 Be4 37. Ra7 Rd5 38. Qf4 Red8 39. Re1 Rd1 40. Kf1 Bd3+
41. Kg2 Rxe1 42. Bg5 Be4+ 43. f3 Re2+ 0-1

[Event "45th Olympiad 2024"]
[Site "Budapest HUN"]
[Date "2024.09.14"]
[Round "4.8"]
[Board "4"]
[White "Santos Latasa, Jaime"]
[Black "Lokander, Martin"]
[Result "1-0"]
[WhiteTitle "GM"]
[BlackTitle "IM"]
[WhiteElo "2624"]
[BlackElo "2469"]
[WhiteTeam "Spain"]
[BlackTeam "Sweden"]
[WhiteFideId "2293307"]
[BlackFideId "1709569"]
[EventDate "2024.09.11"]

1. e4 e5 2. Nf3 Nc6 3. Bb5 a6 4. Ba4 d6 5. O-O b5 6. Bb3 Na5 7. d4 Nxb3 8. axb3
f6 9. Re1 Ne7 10. Bd2 Rb8 11. dxe5 fxe5 12. c4 Qd7 13. Nc3 bxc4 14. bxc4 Rxb2
15. Nd5 Nxd5 16. exd5 Be7 17. Bc3 Rb8 18. Bxe5 O-O 19. Bc3 Bf6 20. Bxf6 Rxf6 21.
Nd4 Rb2 22. f3 h6 23. Qc1 Rb6 24. Ra2 Qf7 25. Rae2 Bf5 26. Qc3 Rb1 27. Rxb1 Bxb1
28. Qe1 Bf5 29. g4 Qg6 30. Nc6 Kh7 31. Ne7 Qg5 32. Nxf5 Rxf5 33. Qb1 g6 34. h4 1-0

[Event "45th Olympiad 2024"]
[Site "Budapest HUN"]
[Date "2024.09.14"]
[Round "4.9"]
[Board "1"]
[White "Carlsen, Magnus"]
[Black "Gazik, Viktor"]
[Result "1-0"]
[WhiteTitle "GM"]
[BlackTitle "GM"]
[WhiteElo "2832"]
[BlackElo "2561"]
[WhiteTeam "Norway"]
[BlackTeam "Slovakia"]
[WhiteFideId "1503014"]
[BlackFideId "14928752"]
[EventDate "2024.09.11"]

1. d4 Nf6 2. c4 e6 3. Nf3 Bb4+ 4. Nbd2 b6 5. a3 Bxd2+ 6. Nxd2 Bb7 7. e3 O-O 8.
Bd3 d5 9. O-O dxc4 10. Nxc4 Qd5 11. f3 Rd8 12. Be2 Nc6 13. Qc2 Rac8 14. b3 b5
15. Nb2 e5 16. Nd3 e4 17. Nc5 Nxd4 18. exd4 Qxd4+ 19. Kh1 exf3 20. gxf3 Ba8 21.
Bg5 Rd5 22. Bxf6 Qxf6 23. Ne4 Qf4 24. Qc1 Qh4 25. Rg1 Re5 26. Qc3 Rce8 27. Bxb5
R8e7 28. Rad1 1-0

[Event "45th Olympiad 2024"]
[Site "Budapest HUN"]
[Date "2024.09.14"]
[Round "4.9"]
[Board "2"]
[White "Haring, Filip"]
[Black "Christiansen, Johan-Sebastian"]
[Result "0-1"]
[WhiteTitle "IM"]
[BlackTitle "GM"]
[WhiteElo "2503"]
[BlackElo "2661"]
[WhiteTeam "Slovakia"]
[BlackTeam "Norway"]
[WhiteFideId "14933080"]
[BlackFideId "1512668"]
[EventDate "2024.09.11"]

1. e4 e6 2. d4 d5 3. Nc3 Nf6 4. Bg5 dxe4 5. Nxe4 Be7 6. Bxf6 gxf6 7. Nc3 Nd7 8.
g3 c6 9. Bg2 Qa5 10. Ne2 Nf8 11. a3 Ng6 12. Qd3 Bd7 13. h4 h5 14. Nc1 Qc7 15.
Nb3 b6 16. Qe2 Rd8 17. O-O-O a5 18. Kb1 a4 19. Nc1 b5 20. Nd3 Kf8 21. f4 Be8 22.
Qe3 f5 23. Bf3 Qb6 24. Ne2 Bf6 25. Nc5 Kg7 26. c3 Ne7 27. Nc1 Ng8 28. Qe2 Kg6
29. N1d3 Be7 30. Ne5+ Kg7 31. Bxh5 Bxc5 32. dxc5 Rxd1+ 33. Rxd1 Qxc5 34. Bf3 Nf6
35. Qg2 Qe3 36. Rd3 Qe1+ 37. Ka2 c5 38. Be2 Qc1 39. Rd1 Qc2 40. Bf3 Qxg2 41.
Bxg2 Rg8 42. Rd6 Kf8 43. Bc6 Ke7 44. Rd3 c4 45. Rf3 Ng4 46. Bxe8 Nxe5 47. fxe5
Kxe8 48. Kb1 Rg4 49. Kc2 Kd7 50. Kd2 Kc6 51. h5 Kd5 52. h6 Rg6 53. h7 Rh6 54. g4
Rxh7 55. gxf5 Ke4 56. Rf2 exf5 57. Re2+ Kf3 58. Re3+ Kg4 0-1

[Event "45th Olympiad 2024"]
[Site "Budapest HUN"]
[Date "2024.09.14"]
[Round "4.9"]
[Board "3"]
[White "Tari, Aryan"]
[Black "Sahidi, Samir"]
[Result "1/2-1/2"]
[WhiteTitle "GM"]
[BlackTitle "IM"]
[WhiteElo "2642"]
[BlackElo "2474"]
[WhiteTeam "Norway"]
[BlackTeam "Slovakia"]
[WhiteFideId "1510045"]
[BlackFideId "14936372"]
[EventDate "2024.09.11"]

1. e4 e5 2. Nf3 Nc6 3. Bc4 Nf6 4. d3 Bc5 5. O-O d6 6. c3 a6 7. Re1 Ba7 8. Nbd2
O-O 9. Nf1 Na5 10. Bb3 Nxb3 11. axb3 h6 12. Ng3 Re8 13. h3 d5 14. exd5 Qxd5 15.
Be3 c5 16. c4 Qd6 17. Nh4 Qc6 18. Bd2 b6 19. Bc3 Bb8 20. Re3 Bc7 21. Qe2 Bb7 22.
Ngf5 e4 23. d4 cxd4 24. Nxd4 Qd6 25. Rg3 Qf8 26. Ndf5 Bxg3 27. fxg3 Re6 28. Rf1
Ne8 29. Nd4 Rf6 30. Ndf5 Re6 31. Nd4 Rf6 32. Ndf5 Re6 1/2-1/2

[Event "45th Olympiad 2024"]
[Site "Budapest HUN"]
[Date "2024.09.14"]
[Round "4.9"]
[Board "4"]
[White "Druska, Juraj"]
[Black "Urkedal, Frode Olav Olsen"]
[Result "1/2-1/2"]
[WhiteTitle "IM"]
[BlackTitle "GM"]
[WhiteElo "2441"]
[BlackElo "2546"]
[WhiteTeam "Slovakia"]
[BlackTeam "Norway"]
[WhiteFideId "14915650"]
[BlackFideId "1506102"]
[EventDate "2024.09.11"]

1. d4 Nf6 2. c4 e6 3. Nc3 Bb4 4. e3 O-O 5. Bd2 d5 6. Nf3 Nbd7 7. a3 Be7 8. cxd5
exd5 9. Bd3 Bd6 10. Qc2 c5 11. dxc5 Nxc5 12. Bf5 Nfe4 13. Bxc8 Rxc8 14. O-O Nxd2
15. Nxd2 Be5 16. Rac1 d4 17. exd4 Bxd4 18. Ndb1 Rc6 19. Rcd1 Ne6 20. Rd2 Qg5 21.
Rfd1 Bb6 22. Qe4 Nc5 23. Qd5 Qg6 24. h4 h5 25. Qg5 Qxg5 26. hxg5 Re8 27. Rd5 Ne6
28. g3 h4 29. Kg2 hxg3 30. fxg3 Bd8 31. Rd7 Rb6 32. Na4 Rb5 33. g6 fxg6 34. b4
Rg5 35. Nc5 Bb6 36. Rxb7 Nxc5 37. bxc5 Bxc5 38. Rdd7 Re2+ 39. Kh3 Re3 40. Rxg7+
Kf8 41. Rh7 Rexg3+ 42. Kh2 Rg2+ 43. Kh3 R5g3+ 44. Kh4 g5+ 45. Kh5 Rh3+ 46. Kg6
Rxh7 47. Rxh7 g4 48. Nc3 g3 49. Nd5 Rh2 50. Rf7+ Ke8 51. Nc7+ Kd8 52. Ne6+ 1/2-1/2

[Event "45th Olympiad 2024"]
[Site "Budapest HUN"]
[Date "2024.09.14"]
[Round "4.10"]
[Board "1"]
[White "Kacharava, Nikolozi"]
[Black "Howell, David W L"]
[Result "0-1"]
[WhiteTitle "GM"]
[BlackTitle "GM"]
[WhiteElo "2511"]
[BlackElo "2677"]
[WhiteTeam "Georgia"]
[BlackTeam "England"]
[WhiteFideId "13611860"]
[BlackFideId "410608"]
[EventDate "2024.09.11"]

1. e4 c6 2. d4 d5 3. e5 Bf5 4. h4 h5 5. c4 e6 6. Nc3 dxc4 7. Bxc4 Nd7 8. Bb3 Be7
9. Bc2 Bxc2 10. Qxc2 Nb6 11. Nf3 Nd5 12. Ne4 Qa5+ 13. Bd2 Nb4 14. Bxb4 Qxb4+ 15.
Qc3 Nh6 16. a3 Qb5 17. Nc5 Nf5 18. a4 Qb6 19. Rc1 a5 20. g3 Rd8 21. O-O O-O 22.
Rfd1 Rd5 23. Nb3 Rfd8 24. Rd3 Qa6 25. Qc4 b5 26. Qxc6 Qxc6 27. Rxc6 bxa4 28.
Nbd2 Nxd4 29. Rxd4 Rxd4 30. Nxd4 Rxd4 31. Nc4 Bb4 32. Kf1 Re4 33. f3 Re1+ 34.
Kf2 Kh7 35. f4 Rb1 36. Ke2 Kg6 37. Kf2 Rd1 38. Ke2 Re1+ 39. Kf3 Rf1+ 40. Kg2 Rb1
41. Kf2 Kh7 42. Kf3 Rf1+ 43. Kg2 Rc1 44. Nxa5 Rxc6 45. Nxc6 Bd2 46. Nd4 Kg8 47.
Ne2 Kf8 48. Kf3 Ke7 49. Ke4 Kd7 50. Kd3 Be1 51. Nc3 Bxg3 52. Ke3 Bxh4 53. Nxa4
Be7 54. Nc3 Kc6 55. Ne4 Kd5 56. Nc3+ Kc6 57. Ne4 f5 58. exf6 Bxf6 59. b3 Kd5 60.
Ng3 g6 61. Ne2 Be7 62. Nc3+ Kc5 63. Ne2 Bf6 64. Nc1 Kd5 65. Nd3 Bc3 66. Nc1 Bb4
67. Ne2 Ba5 68. Kf3 Bd2 69. Ng3 Kd4 70. Ne4 Bb4 71. Ng5 Kd5 72. Ne4 Be7 73. Nc3+
Kc5 74. Ne2 Bf6 75. Nc1 Kd4 76. Ne2+ Kd5 77. Ng3 Be7 78. Ne2 Bb4 79. Ng3 Bd6 80.
Ne4 Be7 81. Nc3+ Kd4 82. Ne2+ Kc5 83. Nc1 Bf6 84. Ke4 Bc3 85. Nd3+ Kc6 86. Nf2
Bg7 87. Nh3 Kc5 88. Ng5 Kd6 89. Kf3 Kd5 90. Ne4 Bb2 91. Ng5 Ba3 92. Ne4 Bb4 93.
Ng3 Ba5 94. Ne4 Bd8 95. Nc3+ Kc5 96. Ne2 Bb6 97. Nc1 Bc7 98. Ne2 Bd6 99. Ke4 Bb8
100. Nd4 Kd6 101. f5 exf5+ 102. Nxf5+ Kd7 103. Nh4 g5 104. Ng2 Ke6 105. Kf3 g4+
106. Ke4 Kf6 107. Nh4 Bg3 108. Nf5 Be1 109. Nd4 h4 110. Nf3 gxf3 111. Kxf3 h3
112. b4 Ke6 113. b5 Kd6 0-1

[Event "45th Olympiad 2024"]
[Site "Budapest HUN"]
[Date "2024.09.14"]
[Round "4.10"]
[Board "2"]
[White "Adams, Michael"]
[Black "Paichadze, Luka"]
[Result "1/2-1/2"]
[WhiteTitle "GM"]
[BlackTitle "GM"]
[WhiteElo "2661"]
[BlackElo "2516"]
[WhiteTeam "England"]
[BlackTeam "Georgia"]
[WhiteFideId "400041"]
[BlackFideId "13602934"]
[EventDate "2024.09.11"]

1. e4 c6 2. d4 d5 3. e5 Bf5 4. Bd3 Bxd3 5. Qxd3 e6 6. Ne2 Qa5+ 7. c3 Qa6 8. Qd1
c5 9. O-O Nc6 10. a4 cxd4 11. Nxd4 Nxd4 12. cxd4 Ne7 13. Nc3 Nc6 14. Be3 Qb6 15.
Qg4 a6 16. Rfc1 h5 17. Qd1 Na5 18. Rc2 Be7 19. h3 g6 20. Qf3 O-O 21. Ne2 Rac8
22. Rac1 Rc6 23. Rxc6 bxc6 24. Nf4 Nc4 25. Qg3 Kh7 26. Nd3 Qb3 27. Rc3 Qd1+ 28.
Kh2 Rb8 29. Bg5 Bf8 30. Qf4 Kg8 31. g4 Rb3 32. Qc1 Qxc1 33. Bxc1 Rxc3 34. bxc3
hxg4 35. hxg4 Nb6 36. a5 Nc4 37. Nb4 Nxa5 38. Nxa6 Nb3 39. Be3 Ba3 40. Kg3 Bb2
41. Nb4 Bxc3 42. Nxc6 Kf8 43. Kf3 Ke8 44. Ke2 Kd7 45. Kd3 Kxc6 46. Kxc3 Na5 47.
Kb4 Kb6 48. Ka4 Nc6 49. f3 Ka6 50. Bf2 Kb6 51. Be3 Ka6 52. Bf2 Kb6 1/2-1/2

[Event "45th Olympiad 2024"]
[Site "Budapest HUN"]
[Date "2024.09.14"]
[Round "4.10"]
[Board "3"]
[White "Jobava, Baadur"]
[Black "McShane, Luke J"]
[Result "1-0"]
[WhiteTitle "GM"]
[BlackTitle "GM"]
[WhiteElo "2582"]
[BlackElo "2611"]
[WhiteTeam "Georgia"]
[BlackTeam "England"]
[WhiteFideId "13601520"]
[BlackFideId "404853"]
[EventDate "2024.09.11"]

1. d4 Nf6 2. Nc3 d5 3. Bf4 e6 4. Nb5 Na6 5. e3 Be7 6. Nf3 O-O 7. h4 c6 8. Nc3
Nc7 9. Ne2 c5 10. c3 b5 11. dxc5 Bxc5 12. Ned4 Bd7 13. Ne5 b4 14. Nd3 Bb6 15.
Nxb4 Ne4 16. Bd3 f6 17. Bxe4 dxe4 18. Qb3 Qe8 19. a4 Ba5 20. O-O Rf7 21. Bxc7
Bxc7 22. Nb5 Be5 23. Rfd1 f5 24. Nd6 Bxd6 25. Rxd6 f4 26. exf4 Rxf4 27. Qd1 Rf7
28. Qd4 Bxa4 29. Qxe4 Bb3 30. c4 a5 31. Nc6 Qf8 32. Rxa5 Rxa5 33. Rd8 Ra1+ 34.
Kh2 Rxf2 35. Qxe6+ Kh8 36. Qe3 Qxd8 37. Nxd8 Rf8 38. Ne6 Rb8 39. Qg3 Rb7 40. Nc5 1-0